Wat zijn de 10 Spaanse steden met de meeste inwoners - Statistieken

Algemene statistieken
  • Deze quiz is 71 keer genomen
  • De gemiddelde score is 7 van 10
Antwoordstatistieken
Inwoners Antwoord % Correct
1.615.448 Barcelona
100%
3.265.038 Madrid
100%
703.021 Sevilla
95%
798.033 Valencia
95%
352.700 Bilbao
84%
568.030 Málaga
82%
674.725 Zaragoza
61%
442.203 Murcia
50%
405.318 Palma de Mallorca
27%
383.343 Las Palmas
18%
Geen overeenkomende quizzen gevonden
Scoreverdeling
Procent van Mensen met Elke Score
Percentiel versus Aantal Correcte Antwoorden
Uw Scoregeschiedenis
U heeft deze quiz nog niet genomen